<?xml version="1.0" encoding="UTF-8"?><?xml-stylesheet type="text/xsl" href="static/style.xsl"?><OAI-PMH xmlns="http://www.openarchives.org/OAI/2.0/" xmlns:xsi="http://www.w3.org/2001/XMLSchema-instance" xsi:schemaLocation="http://www.openarchives.org/OAI/2.0/ http://www.openarchives.org/OAI/2.0/OAI-PMH.xsd"><responseDate>2026-04-13T01:33:37Z</responseDate><request verb="GetRecord" identifier="oai:www.recercat.cat:10256/22258" metadataPrefix="marc">https://recercat.cat/oai/request</request><GetRecord><record><header><identifier>oai:recercat.cat:10256/22258</identifier><datestamp>2024-05-22T11:33:52Z</datestamp><setSpec>com_2072_452966</setSpec><setSpec>com_2072_2054</setSpec><setSpec>col_2072_452968</setSpec></header><metadata><record xmlns="http://www.loc.gov/MARC21/slim" xmlns:dcterms="http://purl.org/dc/terms/" xmlns:xsi="http://www.w3.org/2001/XMLSchema-instance" xmlns:doc="http://www.lyncode.com/xoai" xsi:schemaLocation="http://www.loc.gov/MARC21/slim http://www.loc.gov/standards/marcxml/schema/MARC21slim.xsd">
   <leader>00925njm 22002777a 4500</leader>
   <datafield ind2=" " ind1=" " tag="042">
      <subfield code="a">dc</subfield>
   </datafield>
   <datafield ind2=" " ind1=" " tag="720">
      <subfield code="a">Rafales Masdevall, Ivan</subfield>
      <subfield code="e">author</subfield>
   </datafield>
   <datafield ind2=" " ind1=" " tag="720">
      <subfield code="a">Pulido Giménez, Laura</subfield>
      <subfield code="e">author</subfield>
   </datafield>
   <datafield ind2=" " ind1=" " tag="260">
      <subfield code="c">2020-09</subfield>
   </datafield>
   <datafield ind2=" " ind1=" " tag="520">
      <subfield code="a">La incorporació de les fibres naturals en les construccions modernes cada vegada s’investiga més, ja que és un material econòmicament viable, més respectuós amb el medi ambient a més a més de tractar-se d’un element abundant, local i sostenible. Aquestes fibres s’obtenen en forma de closques, fulles i polpa residual, consten principalment de cel·lulosa, hemicel·lulosa i lignina. Aquests factors i la consciència cada vegada més estesa sobre la necessitat de reaprofitar recursos renovables i/o residus fruit del tractament de les matèries primeres utilitzades a la industria donen una nova dimensió a les fibres i els seus usos. Les fibres poden combinar-se amb pastes de ciment, utilitzant-les com a reforç del conglomerat proporcionant millores en algunes de les seves propietats mecàniques. Per a dur a terme aquest treball s’ha realitzat un seguiment d’una sèrie d’articles relacionats amb pastes de ciment reforçats amb fibres naturals. D’aquesta primera recerca s’extreuen els articles que tracten sobre morters i materials per aplicar-los com a revestiments i/o elements aïllants. Tenint aquests articles com a referència s’extreu informació relativa dels tractaments utilitzats en les fibres naturals, les diferents metodologies escollides pels autors alhora de generar les provetes, els procediments dels assajos extrets de normatives específiques i determinar l’impacte o influència de l’addició de fibres naturals i la relació d’aigua/ciment respecte els comportaments mecànics dels conglomerats.</subfield>
   </datafield>
   <datafield ind2=" " ind1=" " tag="520">
      <subfield code="a">The incorporation of natural fibers in modern constructions is increasingly being researched, as it is an economically viable material, more respectful of the environment in addition to being an abundant, local and sustainable element. These fibers are obtained in the form of husks, leaves and residual pulp, they consist mainly of cellulose, hemicellulose and lignin. These factors and the increasingly widespread awareness of the need to reuse renewable resources and/or waste resulting from the treatment of raw materials used in industry give a new dimension to fibers and their uses. The fibers can be combined with cement pastes, using them as a reinforcement of the conglomerate providing improvements in some of its mechanical properties. In order to carry out this work, a series of articles related to cement pastes reinforced with natural fibers has been followed up. From this first research, the articles that deal with mortars and materials to be applied as coatings and/or insulating elements are extracted. Taking these articles as a reference, information is extracted regarding the treatments used in natural fibers, the different methodologies chosen by the authors while generating the test pieces, the test procedures taken from specific regulations and determining the impact or influence of the addition of natural fibers and the water/cement ratio regarding the mechanical behavior of conglomerates.</subfield>
   </datafield>
   <datafield ind1="8" ind2=" " tag="024">
      <subfield code="a">http://hdl.handle.net/10256/22258</subfield>
   </datafield>
   <datafield tag="653" ind2=" " ind1=" ">
      <subfield code="a">Ciment --  Proves</subfield>
   </datafield>
   <datafield tag="653" ind2=" " ind1=" ">
      <subfield code="a">Cement -- Testing</subfield>
   </datafield>
   <datafield tag="653" ind2=" " ind1=" ">
      <subfield code="a">Resistència de materials</subfield>
   </datafield>
   <datafield tag="653" ind2=" " ind1=" ">
      <subfield code="a">Strength of materials</subfield>
   </datafield>
   <datafield tag="653" ind2=" " ind1=" ">
      <subfield code="a">Esforç i tensió</subfield>
   </datafield>
   <datafield tag="653" ind2=" " ind1=" ">
      <subfield code="a">Strains and stresses</subfield>
   </datafield>
   <datafield tag="653" ind2=" " ind1=" ">
      <subfield code="a">Revestiment amb ciment</subfield>
   </datafield>
   <datafield tag="653" ind2=" " ind1=" ">
      <subfield code="a">Cement coating</subfield>
   </datafield>
   <datafield tag="653" ind2=" " ind1=" ">
      <subfield code="a">Construcció en formigó armat amb fibres</subfield>
   </datafield>
   <datafield tag="653" ind2=" " ind1=" ">
      <subfield code="a">Reinforced concrete construction</subfield>
   </datafield>
   <datafield ind2="0" ind1="0" tag="245">
      <subfield code="a">Estudi bibliogràfic compartiu sobre l’ús de fibres naturals en conglomerats a base de pastes de ciment</subfield>
   </datafield>
</record></metadata></record></GetRecord></OAI-PMH>